000
00207 a2200097 4500
001
41973
100
_a
Hill, D
245
_a
Instruction in Rowing
260
_a
_b
Museum Press Ltd
_c
090
_c
26032
_d
26032
942
_a
NUST-CAE
_c
M
_c
17817
999
_c
277046
_d
277046